00450nam a22001577a 4500008004100000020002200041040005500063080001700118100002000135245003900155246001800194260004300212300001000255650001600265653001100281230630b |||||||| |||| 00| 0 eng d a978-93-5266-584-6 aNational Science LibrarycNational Science Library a82-31PANbQ8 aPandey, Neeraj  aग़ालिब डेंजर aGhalib danger aNew Delhi: bPrabhat Prakashan, c2018 a263p. aLiterature  aStory